| 000 | 01066nam a22002657a 4500 | ||
|---|---|---|---|
| 003 | NALT | ||
| 005 | 20240903101805.0 | ||
| 006 | af||p|r|||| 00| 0 | ||
| 007 | ta | ||
| 008 | 240903b th f||p| |||| 00| 0 tha d | ||
| 022 | _a29852668 | ||
| 040 | _aNALT | ||
| 041 | _atha | ||
| 245 | _aวารสารวิชาการหอสมุดแห่งชาติ | ||
| 260 | _aกลุ่มงานวิจัยและพัฒนาห้องสมุด สำนักหอสมุดแห่งชาติ | ||
| 310 | _aรายหกเดือน | ||
| 650 | 0 |
_aห้องสมุด _922028 |
|
| 650 | 0 |
_aบรรณารักษศาสตร์ _935047 |
|
| 850 | _aNALT | ||
| 856 | _uhttps://so04.tci-thaijo.org/index.php/nlt/issue/archive | ||
| 866 | _aปีที่ 11 ฉบับ 2 (ก.ค.-ธ.ค. 2566) | ||
| 942 |
_cJNR _s1 |
||
| 996 |
_ajintana.i _bSERSTF _c2024-09-03 |
||
| 999 |
_c105683 _d105683 |
||
| 998 |
_h755 _j755 _k นางจินตนา เอี่ยมคง |
||